000 00385nam a22001457a 4500
999 _c9225
_d9225
003 OSt
008 201119b ||||| |||| 00| 0 eng d
020 _a9789351422082
100 _aSrinivasan, R. and Chunawalla, S.A.
245 _aManagement Principles And Practice
260 _aNew Delhi
_b Himalaya Publishing House
_c2014
300 _a480
650 _aB.Com
942 _2ddc
_cBK
_02